<?xml version="1.0" encoding="UTF-8"?>
<collection xmlns="http://www.loc.gov/MARC21/slim">
  <record>
    <leader>00000nam  2200000   4500</leader>
    <controlfield tag="001">INLIS000000000018531</controlfield>
    <controlfield tag="005">20241121012551</controlfield>
    <datafield tag="035" ind1="#" ind2="#">
      <subfield code="a">0010-1124000197</subfield>
    </datafield>
    <controlfield tag="007">ta</controlfield>
    <controlfield tag="008">241121###########################0######</controlfield>
    <datafield tag="245" ind1="#" ind2="#">
      <subfield code="a">TEMAN KERJA :</subfield>
      <subfield code="b">Tersedianya Media Kesehatan dan Keselamatan Kerja (K3) Di Laboratorium Fitokimia dan Farmakognosi Program Studi Farmasi FMIPA UNSRAT /</subfield>
      <subfield code="c">apt. Christel Nataniel Sambou, S.Farm., M.Farm.</subfield>
    </datafield>
    <datafield tag="260" ind1="#" ind2="#">
      <subfield code="a">Makassar :</subfield>
      <subfield code="b">Puslatbang KMP RI LAN Makassar,</subfield>
      <subfield code="c">2024</subfield>
    </datafield>
    <datafield tag="300" ind1="#" ind2="#">
      <subfield code="a">46 ;</subfield>
      <subfield code="c">30</subfield>
    </datafield>
    <datafield tag="650" ind1="#" ind2="4">
      <subfield code="a">Tersedianya Media Kesehatan dan Keselamatan Kerja (K3) Di Laboratorium Fitokimia dan Farmakognosi Program Studi Farmasi FMIPA UNSRAT</subfield>
    </datafield>
    <datafield tag="700" ind1=" " ind2="#">
      <subfield code="a">Paulina V. Y. Yamlean, S.Si., M.Kes., Apt. (Mentor)</subfield>
    </datafield>
    <datafield tag="700" ind1=" " ind2="#">
      <subfield code="a">Wahyuni Fajaruddin, SH., MH (Coach)</subfield>
    </datafield>
    <datafield tag="520" ind1="#" ind2="#">
      <subfield code="a">Kegiatan Aktualisasi ini bertujuan untuk menyediakan media tentang Kesehatan dan Keselamatan Kerja (K3) di Laboratorium Fitokimia dan Farmakognosi Program Studi Farmasi FMIPA Unsrat, yang sebelumnya belum tersedia. Kegiatan dengan identifikasi dimulai kebutuhan di laboratorium untuk memastikan keakuratan sasaran, dilanjutkan dengan pembuatan SOP berdasarkan hasil identifikasi, serta pembuatan safety sign. Semua informasi tersebut dikemas dalam buku saku K3 yang kemudian disosialisasikan kepada pengguna laboratorium.&#13;
&#13;
Media ini tidak hanya meningkatkan pemahaman dan kompetensi dosen dalam menerapkan K3, tetapi juga mendukung reputasi kampus sebagai institusi pendidikan profesional dan meningkatkan akreditasi program studi. Bagi mahasiswa, buku saku K3 memberikan panduan yang jelas untuk praktik aman, mengurangi risiko kecelakaan, dan meningkatkan kesadaran keselamatan kerja.&#13;
&#13;
Penerapan nilai-nilai yang diutamakan dalam proyek ini mencakup Berorientasi pelayanan (26), Akuntabel dan Kompeten (masing-masing 23), Adaptif (13), Loyal (11), serta Harmonis dan Kolaboratif (masing-masing 9). Dampak dari penerapan nilai dasar PNS ini meliputi peningkatan kepuasan kerja, efektivitas kerjasama antar pemangku kepentingan, serta kualitas layanan dalam menjaga keamanan laboratorium. Kegiatan aktualisasi ini diharapkan dapat menghasilkan lingkungan belajar yang lebih aman dan berkualitas.</subfield>
    </datafield>
    <datafield tag="856" ind1="#" ind2="#">
      <subfield code="a">PUSLATBANG KMP LAN RI Makassar</subfield>
    </datafield>
  </record>
</collection>
